000 00452nam a2200169Ia 4500
008 121031t1997 xxu||||| |||| 00| 0 sin d
041 _asin
080 _aX8S1
_bMOO
100 _aChandani Nayana Kumari Moonamale
245 _aසුදු සහ කළු
246 _aSudu Saha Kalu
260 _bLahiru Mudhdhrana Shilpiyo
_aGampola
_c1997
300 _b20p., 20 cm
942 _cBK
999 _c76982
_d76982
003 LK-CoDNM
040 _aLK-CoDNM
_dLK-CoDNM
_eLK-CoDNM